[Event "Heusenstamm Sparkassen op-A 7th"]
[Site "Heusenstamm"]
[Date "2021.11.21"]
[Round "6.65"]
[White "Sittinger, Lutz"]
[Black "Scholz, Michael"]
[Result "1-0"]
[WhiteElo "1915"]
[BlackElo "1798"]
[PlyCount "59"]
[EventDate "2021.11.18"]
[EventType "swiss"]
[EventRounds "7"]
[EventCountry "GER"]
[SourceTitle "EXT 2023"]
[Source "ChessBase"]
[SourceDate "2022.10.05"]
[SourceVersion "1"]
[SourceVersionDate "2022.10.05"]
[SourceQuality "1"]

1. d4 Nf6 2. c4 c5 3. d5 b5 4. cxb5 a6 5. bxa6 Bxa6 6. Nc3 g6 7. e4 Bxf1 8. Kxf1 d6 9. g3 Bg7 10. Kg2 0-0 11. Qc2 Nbd7 12. Nge2 Qa5 13. Bd2 Ng4 14. Nd1 Qa6 15. Bc3 f5 16. Bxg7 Kxg7 17. Nf4 Kg8 18. Ne6 Rf6 19. Nc7 Qa4 20. b3 Qd4 21. Nxa8 fxe4 22. Qc3 Qxd5 23. Qc4 Qxc4 24. bxc4 Nde5 25. Kh3 Nh6 26. Ne3 Nd3 27. Rhf1 Rf8 28. Nc7 Rc8 29. Ncd5 e6 30. Ne7+ 1-0

[Event "Heusenstamm Sparkassen op-A 7th"]
[Site "Heusenstamm"]
[Date "2021.11.19"]
[Round "2.29"]
[White "Scholz, Michael"]
[Black "Schupp, Tobias"]
[Result "0-1"]
[WhiteElo "1798"]
[BlackElo "2121"]
[PlyCount "78"]
[EventDate "2021.11.18"]
[EventType "swiss"]
[EventRounds "7"]
[EventCountry "GER"]
[SourceTitle "EXT 2023"]
[Source "ChessBase"]
[SourceDate "2022.10.05"]
[SourceVersion "1"]
[SourceVersionDate "2022.10.05"]
[SourceQuality "1"]

1. e4 c5 2. Nc3 e6 3. Bc4 a6 4. d3 b5 5. Bb3 Bb7 6. Qe2 Nc6 7. Be3 Nd4 8. Qd2 Nf6 9. f3 Nxb3 10. axb3 d5 11. Bg5 Be7 12. Nh3 h6 13. Bh4 dxe4 14. fxe4 Qd7 15. e5 Nd5 16. Bxe7 Nxe7 17. 0-0-0 Ng6 18. Rhe1 0-0 19. Nf4 Nxf4 20. Qxf4 Qe7 21. h4 Rfd8 22. Re3 Rd4 23. Ne4 Bxe4 24. Rxe4 Rad8 25. Rde1 Qc7 26. Rxd4 Rxd4 27. Re4 Qa5 28. Kb1 Qe1+ 29. Ka2 Rxe4 30. dxe4 Qe2 31. g4 Qxc2 32. h5 c4 33. bxc4 bxc4 34. g5 c3 35. Ka3 Qxb2+ 36. Ka4 Qb5+ 37. Ka3 a5 38. Qc1 Qb2+ 39. Qxb2 cxb2 0-1

[Event "Main Vogelsberg op 15th"]
[Site "Waechtersbach"]
[Date "2021.10.03"]
[Round "5.5"]
[White "Scholz, Michael"]
[Black "Fichtner, Ewald"]
[Result "1-0"]
[WhiteElo "1774"]
[BlackElo "2041"]
[PlyCount "141"]
[EventDate "2021.10.01"]
[EventType "swiss"]
[EventRounds "5"]
[EventCountry "GER"]
[SourceTitle "EXT 2023"]
[Source "ChessBase"]
[SourceDate "2022.10.05"]
[SourceVersion "1"]
[SourceVersionDate "2022.10.05"]
[SourceQuality "1"]

1. f4 d5 2. Nf3 c6 3. b3 Qc7 4. e3 Bg4 5. Bb2 Nd7 6. Be2 Bxf3 7. Bxf3 e5 8. fxe5 Nxe5 9. 0-0 Nf6 10. d4 Ng6 11. Nd2 Bd6 12. h3 Qe7 13. Qe2 0-0 14. Qf2 Rae8 15. Rfe1 Qc7 16. Nf1 Re6 17. c4 Qe7 18. Bc3 Ne4 19. Bxe4 Rxe4 20. c5 Bc7 21. Ng3 Re6 22. Bd2 Rf6 23. Nf5 Qe4 24. Rf1 Kh8 25. g4 Ne7 26. Qg2 Qe6 27. Nxe7 Qxe7 28. b4 Rg6 29. Rf5 a6 30. a4 Re6 31. Rf3 g6 32. Qf2 Re4 33. Kf1 Kg7 34. Bc3 Rh8 35. Ke2 Qd7 36. Rf1 Re7 37. Kd3 h5 38. g5 h4 39. Qg2 Qe6 40. Bd2 Qe4+ 41. Kc3 a5 42. b5 cxb5 43. axb5 b6 44. Qf2 Rf8 45. cxb6 Bxb6 46. Rf6 Rc7+ 47. Rc6 Rxc6+ 48. bxc6 Bd8 49. Qf4 Qg2 50. e4 Qxh3+ 51. Rf3 Qe6 52. exd5 Qxd5 53. Qe5+ Qxe5 54. dxe5 Bb6 55. Kc4 Re8 56. Bc3 Bc7 57. e6+ f6 58. gxf6+ Kf8 59. Re3 g5 60. Bd4 Bd6 61. Kd5 Bb4 62. Bc5+ Bxc5 63. Kxc5 g4 64. Kd6 g3 65. Re4 g2 66. Rxh4 Rd8+ 67. Kc7 g1Q 68. Rh8+ Qg8 69. Rxg8+ Kxg8 70. Kxd8 a4 71. e7 1-0

[Event "IECC TH-M-3564"]
[Site "IECC email"]
[Date "2020.10.14"]
[Round "?"]
[White "Scholz, Michael"]
[Black "Vasquez, Fernando"]
[Result "1/2-1/2"]
[WhiteElo "1554"]
[BlackElo "1593"]
[PlyCount "109"]
[EventDate "2020.??.??"]
[EventType "tourn (corr)"]
[SourceTitle "Corr 2024"]
[Source "ChessBase"]
[SourceDate "2023.10.19"]
[SourceVersion "1"]
[SourceVersionDate "2023.10.19"]
[SourceQuality "1"]
[WhiteTeam "Deutschland"]
[BlackTeam "Portugal"]
[WhiteTeamCountry "GER"]
[BlackTeamCountry "POR"]

1. e4 e5 2. Nf3 Nc6 3. Bb5 f5 4. Nc3 fxe4 5. Nxe4 d5 6. Nxe5 dxe4 7. Nxc6 Qg5 8. Qe2 Nf6 9. f4 Qxf4 10. Ne5+ c6 11. d4 Qh4+ 12. g3 Qh3 13. Bc4 Be6 14. Qf1 Qxf1+ 15. Rxf1 Nd5 16. Bb3 Bd6 17. Nc4 Bc7 18. Ne3 0-0-0 19. Bd2 h5 20. 0-0-0 h4 21. gxh4 Rxh4 22. Nxd5 cxd5 23. Bg5 Rxh2 24. Bxd8 Kxd8 25. Rd2 Rh5 26. Rdf2 Ke7 27. Rf8 g5 28. Ba4 Bf4+ 29. R1xf4 gxf4 30. Rxf4 Rh1+ 31. Kd2 Rh2+ 32. Ke3 a6 33. Bb3 Rh3+ 34. Ke2 b5 35. a4 b4 36. a5 e3 37. Ke1 Rg3 38. Rf1 Kd6 39. Rf6 Kd7 40. Rf1 Kc6 41. Rf6 Kd6 42. Rh6 Ke7 43. Rh7+ Kf6 44. Rh6+ Kf5 45. Ba4 Rg2 46. Be8 b3 47. cxb3 Rxb2 48. Kf1 Rf2+ 49. Ke1 Rg2 50. Kf1 Rb2 51. Ke1 Rd2 52. Kf1 Rxd4 53. Ke2 Rb4 54. Kxe3 Ke5 55. Ba4 1/2-1/2

[Event "IECC TH-M-3564"]
[Site "IECC email"]
[Date "2020.10.14"]
[Round "?"]
[White "Vasquez, Fernando"]
[Black "Scholz, Michael"]
[Result "0-1"]
[WhiteElo "1613"]
[BlackElo "1534"]
[PlyCount "97"]
[EventDate "2020.??.??"]
[EventType "tourn (corr)"]
[SourceTitle "Corr 2024"]
[Source "ChessBase"]
[SourceDate "2023.10.19"]
[SourceVersion "1"]
[SourceVersionDate "2023.10.19"]
[SourceQuality "1"]
[WhiteTeam "Portugal"]
[BlackTeam "Deutschland"]
[WhiteTeamCountry "POR"]
[BlackTeamCountry "GER"]

1. e4 e5 2. Nf3 Nc6 3. Bb5 f5 4. d3 fxe4 5. dxe4 Nf6 6. 0-0 Bc5 7. Nc3 0-0 8. Bg5 d6 9. Nd5 Kh8 10. Bc4 Bg4 11. Nxf6 gxf6 12. Bh6 Rg8 13. Bxg8 Qxg8 14. c3 Qg6 15. Be3 Bxe3 16. Qe2 Bf4 17. h3 Bxh3 18. Nh4 Qg5 19. Qd3 Qxh4 20. Qxh3 Qxh3 21. gxh3 Rg8+ 22. Kh1 Nd8 23. Rg1 Bg5 24. a4 Ne6 25. Rae1 Nf4 26. Rg3 Rg6 27. a5 a6 28. c4 Rh6 29. Kh2 Ne6 30. Rg4 Nd4 31. Ra1 Bf4+ 32. Kg2 Nb3 33. Rd1 Nxa5 34. c5 f5 35. exf5 Rf6 36. cxd6 cxd6 37. Kf3 Bh6 38. Rdg1 Rxf5+ 39. Ke4 Rf8 40. Kd5 Nb3 41. Rb4 Nc5 42. Kxd6 Rc8 43. Rh4 Bf4 44. Rhg4 Nd3 45. Kd7 Ra8 46. Kc7 Nxf2 47. Kxb7 Nxg4 48. Kxa8 Nf2 49. Kb7 0-1

[Event "DSOL 03 Liga Gr-A 1st"]
[Site "Playchess.com INT"]
[Date "2020.07.29"]
[Round "6.2"]
[White "Lettl, Gerhard"]
[Black "Scholz, Michael"]
[Result "1-0"]
[WhiteElo "1963"]
[BlackElo "1832"]
[PlyCount "55"]
[EventDate "2020.06.22"]
[EventType "team-tourn (rapid)"]
[EventCountry "GER"]
[SourceTitle "EXT 2021"]
[Source "ChessBase"]
[SourceDate "2020.10.23"]
[SourceVersion "1"]
[SourceVersionDate "2020.10.23"]
[SourceQuality "1"]
[WhiteTeam "Tegernsee"]
[BlackTeam "Moembris"]
[WhiteTeamCountry "GER"]
[BlackTeamCountry "GER"]

1. e4 Nf6 2. Nc3 e5 3. Nf3 Nc6 4. Bb5 Bc5 5. 0-0 a6 6. Bxc6 bxc6 7. Nxe5 Qe7 8. d4 Ba7 9. h3 Bb7 10. Re1 c5 11. Nd5 Qd6 12. Nc4 Qf8 13. Nxc7+ Kd8 14. Nxa8 Bxa8 15. d5 d6 16. Bg5 Kd7 17. e5 Nxd5 18. Nxd6 f6 19. c4 fxe5 20. Ne4 Qf5 21. cxd5 Rf8 22. Qa4+ Kc7 23. Qxa6 Bb6 24. Be7 Bxd5 25. Bd6+ Kc6 26. Qa4+ Kb7 27. Bxf8 Qxf8 28. Qd7+ 1-0

[Event "TH-S-1210"]
[Site "IECC email"]
[Date "2020.02.25"]
[Round "?"]
[White "Baker, Matt"]
[Black "Scholz, Michael"]
[Result "1-0"]
[WhiteElo "1403"]
[BlackElo "1556"]
[PlyCount "71"]
[EventDate "2020.??.??"]
[EventType "tourn (corr)"]
[SourceTitle "Corr 2024"]
[Source "ChessBase"]
[SourceDate "2023.10.19"]
[SourceVersion "1"]
[SourceVersionDate "2023.10.19"]
[SourceQuality "1"]
[WhiteTeam "Vereinigte Staaten"]
[BlackTeam "Deutschland"]
[WhiteTeamCountry "USA"]
[BlackTeamCountry "GER"]

1. e4 b6 2. d4 Bb7 3. Bd3 e6 4. Nf3 c5 5. c3 Nf6 6. Qe2 Be7 7. 0-0 Nc6 8. a3 d5 9. e5 Nd7 10. b4 0-0 11. Bf4 c4 12. Bc2 b5 13. Nbd2 a5 14. Qe3 a4 15. Ng5 Bxg5 16. Bxg5 Qc7 17. Qh3 f5 18. exf6 Nxf6 19. Bxf6 gxf6 20. Qxe6+ Kh8 21. Rfe1 Rad8 22. Qh3 Bc8 23. Qh6 Qg7 24. Qxg7+ Kxg7 25. Re3 Rde8 26. Nf1 Rxe3 27. Nxe3 Ne7 28. Re1 Kf7 29. Bd1 Rd8 30. Bf3 Bb7 31. g3 Bc6 32. Bh5+ Kf8 33. Ng2 Be8 34. Bxe8 Rxe8 35. Re6 Ng6 36. Rxf6+ 1-0

[Event "Hessen-chB"]
[Site "Frankfurt"]
[Date "2019.05.31"]
[Round "3"]
[White "Scholz, Michael"]
[Black "Robinson, Jack"]
[Result "1-0"]
[WhiteElo "1855"]
[BlackElo "1749"]
[PlyCount "77"]
[EventDate "2019.05.30"]
[EventType "swiss"]
[EventRounds "7"]
[EventCountry "GER"]
[SourceTitle "EXT 2020"]
[Source "ChessBase"]
[SourceDate "2019.10.17"]
[SourceVersion "1"]
[SourceVersionDate "2019.10.17"]
[SourceQuality "1"]

1. e4 c5 2. d4 cxd4 3. c3 d3 4. Bxd3 Nc6 5. Nf3 g6 6. 0-0 Bg7 7. Re1 d6 8. h3 e6 9. c4 Nge7 10. Nc3 0-0 11. Bf4 a6 12. a3 h6 13. Qd2 g5 14. Be3 Ng6 15. Rad1 Qc7 16. Na4 Rb8 17. Bb6 Qe7 18. Bb1 Nge5 19. Nxe5 Bxe5 20. b4 Bd7 21. Nc3 Rbc8 22. Ne2 Nb8 23. c5 Ba4 24. cxd6 Qd7 25. Rc1 Bxd6 26. Qe3 Rxc1 27. Rxc1 Bb5 28. e5 Be7 29. Qe4 f5 30. exf6 Bxf6 31. Rc7 Qd1+ 32. Kh2 Qxb1 33. Qxb1 Be5+ 34. Ng3 Bxc7 35. Qg6+ Kh8 36. Qxh6+ Kg8 37. Qg6+ Kh8 38. Bxc7 Nd7 39. Nh5 1-0

[Event "Unterfranken-ch69 M2"]
[Site "Schweinfurt"]
[Date "2018.04.04"]
[Round "4"]
[White "Barthel, Fabian"]
[Black "Scholz, Michael"]
[Result "0-1"]
[WhiteElo "1589"]
[BlackElo "1861"]
[PlyCount "44"]
[EventDate "2018.04.02"]
[EventType "swiss"]
[EventRounds "9"]
[EventCountry "GER"]
[SourceTitle "EXT 2019"]
[Source "ChessBase"]
[SourceDate "2018.10.10"]
[SourceVersion "1"]
[SourceVersionDate "2018.10.10"]
[SourceQuality "1"]

1. d4 Nf6 2. c4 c5 3. d5 b5 4. cxb5 a6 5. Nc3 g6 6. e4 d6 7. h3 Bg7 8. Nf3 0-0 9. Bf4 Qa5 10. Nd2 axb5 11. Qc2 Na6 12. Nxb5 Nb4 13. Qb1 Nfxd5 14. exd5 Bf5 15. Qc1 Nc2+ 16. Kd1 Nxa1 17. Qxa1 Qa4+ 18. Nb3 Qxf4 19. Be2 Qe4 20. Nc3 Bxc3 21. bxc3 Qc2+ 22. Ke1 Qxb3 0-1

[Event "Regionalliga NW 1617"]
[Site "Bayern"]
[Date "2016.10.16"]
[Round "1.8"]
[White "Scholz, Michael"]
[Black "Reitz, Helmut"]
[Result "1/2-1/2"]
[WhiteElo "1773"]
[BlackElo "1813"]
[PlyCount "164"]
[EventDate "2016.10.16"]
[EventType "team-tourn"]
[EventRounds "9"]
[EventCountry "GER"]
[SourceTitle "EXT 2019"]
[Source "ChessBase"]
[SourceDate "2018.10.10"]
[SourceVersion "1"]
[SourceVersionDate "2018.10.10"]
[SourceQuality "1"]
[WhiteTeam "Moembris"]
[BlackTeam "Wuerzburg"]
[WhiteTeamCountry "GER"]
[BlackTeamCountry "GER"]

1. Nf3 Nf6 2. b4 a5 3. b5 c6 4. c4 d5 5. e3 Bg4 6. Bb2 Nbd7 7. Nc3 Ne5 8. h3 Bxf3 9. gxf3 dxc4 10. bxc6 bxc6 11. Ba3 g6 12. Be2 Bg7 13. Qa4 0-0 14. f4 Nd3+ 15. Kf1 Ne4 16. Nxe4 Bxa1 17. Qxc4 Nb2 18. Qc1 Qd5 19. Qxa1 Qxe4 20. f3 Qc2 21. Qxb2 Qxb2 22. Bxb2 Rab8 23. Bc3 Rb1+ 24. Kg2 Rxh1 25. Kxh1 e6 26. Kg2 Rb8 27. Bc4 a4 28. Kf2 Kf8 29. Bd3 c5 30. Be5 Rb6 31. Bc2 a3 32. Bb3 Ke7 33. d3 h6 34. h4 h5 35. Ke2 f6 36. Bc3 Rb8 37. Kd2 Rg8 38. d4 g5 39. fxg5 fxg5 40. hxg5 h4 41. f4 h3 42. Bc2 Rb8 43. Be4 h2 44. Kc2 cxd4 45. Bxd4 Rc8+ 46. Bc3 Rc4 47. Bf3 Kf7 48. Kb3 Rc8 49. e4 Kg6 50. Be5 Rd8 51. Kc2 Rd7 52. f5+ exf5 53. Bxh2 f4 54. Bg4 Rc7+ 55. Kb3 Kxg5 56. Be6 Rh7 57. Bg1 Rh6 58. Bf5 Ra6 59. Bc5 f3 60. Bxa3 f2 61. Bh3 Kf4 62. Bc5 Kg3 63. Bf1 Re6 64. Bd3 Kg2 65. Bxf2 Kxf2 66. Kc4 Ke3 67. Kd5 Re8 68. Bc2 Kf4 69. a4 Ra8 70. Kd4 Rc8 71. Bb3 Rd8+ 72. Bd5 Rb8 73. Kc5 Ke5 74. a5 Rc8+ 75. Kb6 Kd6 76. a6 Rc1 77. Ka7 Rb1 78. Bb7 Kc7 79. Ka8 Rb5 80. Ka7 Rb4 81. Bd5 Rb5 82. Be6 Re5 1/2-1/2

[Event "Hessen-ch op-B"]
[Site "Floersheim"]
[Date "2016.05.07"]
[Round "5"]
[White "Varma, Christopher"]
[Black "Scholz, Michael"]
[Result "0-1"]
[WhiteElo "1794"]
[BlackElo "1862"]
[PlyCount "88"]
[EventDate "2016.05.05"]
[EventType "swiss"]
[EventRounds "7"]
[EventCountry "GER"]
[SourceTitle "EXT 2022"]
[Source "ChessBase"]
[SourceDate "2021.10.06"]
[SourceVersion "1"]
[SourceVersionDate "2021.10.06"]
[SourceQuality "1"]

1. e4 d5 2. exd5 Qxd5 3. Nc3 Qa5 4. d4 Nf6 5. Nf3 Bg4 6. h3 Bh5 7. g4 Bg6 8. Ne5 Ne4 9. Qf3 Nxc3 10. bxc3 c6 11. Bd2 Nd7 12. Nxg6 hxg6 13. Bg2 e6 14. 0-0 Bd6 15. Qd3 Rc8 16. c4 Qd8 17. d5 Ne5 18. Qe2 cxd5 19. cxd5 Rxc2 20. Qd1 Qc7 21. Bf4 0-0 22. Be3 exd5 23. Bxa7 Ra8 24. Bb6 Qc8 25. Qxd5 Nc4 26. Be3 Ra5 27. Qxb7 Qxb7 28. Bxb7 Nxe3 29. fxe3 Bh2+ 30. Kh1 Be5 31. Rad1 f6 32. Bg2 Ra3 33. Rc1 Rd2 34. Rcd1 Re2 35. Be4 Kh7 36. g5 Raxa2 37. gxf6 gxf6 38. Rd7+ Kh6 39. Rfd1 Rxe3 40. Bd5 Rxh3+ 41. Kg1 Rb2 42. Rd8 Rg3+ 43. Kf1 Kg5 44. Re1 Bd4 0-1

[Event "IECC TH-M-2976"]
[Site "IECC email"]
[Date "2015.11.05"]
[Round "?"]
[White "Dotti Contra, Alessandro"]
[Black "Scholz, Michael"]
[Result "1-0"]
[WhiteElo "1403"]
[BlackElo "1468"]
[PlyCount "71"]
[EventDate "2015.??.??"]
[EventType "tourn (corr)"]
[SourceTitle "Corr 2020"]
[Source "ChessBase"]
[SourceDate "2019.09.30"]
[SourceVersion "1"]
[SourceVersionDate "2019.09.30"]
[SourceQuality "1"]
[WhiteTeam "Italy"]
[BlackTeam "Germany"]
[WhiteTeamCountry "ITA"]
[BlackTeamCountry "GER"]

1. e4 e6 2. d4 d5 3. Nc3 Nf6 4. Bg5 Bb4 5. e5 h6 6. Bh4 g5 7. Bg3 Ne4 8. Nge2 f5 9. f3 Bxc3+ 10. Nxc3 Nxc3 11. bxc3 c5 12. Bf2 Nc6 13. Rb1 Qa5 14. Qd2 c4 15. Be2 Qxa2 16. 0-0 Qa5 17. f4 g4 18. Bh4 0-0 19. Ra1 Qc7 20. h3 h5 21. Bg5 b5 22. Rfb1 Rb8 23. Qe1 Qh7 24. Qh4 Bd7 25. Bf6 a5 26. Qg5+ Kf7 27. Qh4 Qg6 28. Bg5 Ra8 29. Kf2 b4 30. hxg4 hxg4 31. Qg3 Rh8 32. Bf6 Rhb8 33. Rh1 b3 34. cxb3 cxb3 35. Rh4 b2 36. Rah1 1-0

[Event "IECC CL5-2015.02 email"]
[Site "IECC email"]
[Date "2015.04.28"]
[Round "?"]
[White "Mathes, Christian"]
[Black "Scholz, Michael"]
[Result "1-0"]
[WhiteElo "1436"]
[BlackElo "1418"]
[PlyCount "71"]
[EventDate "2015.??.??"]
[EventType "tourn (corr)"]
[EventRounds "4"]
[SourceTitle "Corr 2020"]
[Source "ChessBase"]
[SourceDate "2019.09.30"]
[SourceVersion "1"]
[SourceVersionDate "2019.09.30"]
[SourceQuality "1"]
[WhiteTeam "Germany"]
[BlackTeam "Germany"]
[WhiteTeamCountry "GER"]
[BlackTeamCountry "GER"]

1. Nf3 Nf6 2. c4 c5 3. Nc3 d5 4. cxd5 Nxd5 5. g3 Nc6 6. Bg2 Nc7 7. 0-0 e5 8. a3 Be7 9. b4 0-0 10. b5 Nd4 11. Nxe5 Ndxb5 12. Nxb5 Nxb5 13. Rb1 Nd6 14. d3 Bf6 15. Nc4 Nxc4 16. dxc4 Qe7 17. Be3 Rd8 18. Qc2 Bd4 19. Bxd4 cxd4 20. Rfd1 Qxa3 21. Bd5 Qc5 22. Rb5 Qe7 23. Rxd4 a6 24. Rb6 Qc5 25. Qb2 Re8 26. Rf4 Re7 27. Qb1 Qa5 28. e3 Rb8 29. Rh4 h6 30. Rbxh6 gxh6 31. Qg6+ Kf8 32. Qxh6+ Ke8 33. Rd4 Qa1+ 34. Kg2 Qxd4 35. exd4 Ra8 36. c5 1-0

[Event "IECC CL5-2015.02 email"]
[Site "IECC email"]
[Date "2015.04.28"]
[Round "?"]
[White "Scholz, Michael"]
[Black "Balmelle, Jean Luc"]
[Result "1/2-1/2"]
[WhiteElo "1418"]
[BlackElo "1552"]
[PlyCount "55"]
[EventDate "2015.??.??"]
[EventType "tourn (corr)"]
[EventRounds "4"]
[SourceTitle "Corr 2020"]
[Source "ChessBase"]
[SourceDate "2019.09.30"]
[SourceVersion "1"]
[SourceVersionDate "2019.09.30"]
[SourceQuality "1"]
[WhiteTeam "Germany"]
[BlackTeam "France"]
[WhiteTeamCountry "GER"]
[BlackTeamCountry "FRA"]

1. d4 Nf6 2. c4 d6 3. Nc3 e5 4. Nf3 e4 5. Ng5 Qe7 6. Qc2 Bf5 7. f3 Nc6 8. fxe4 Bg6 9. Qa4 Qd7 10. e3 h6 11. Nh3 Nxe4 12. Nxe4 Bxe4 13. Nf2 Bg6 14. Be2 Be7 15. 0-0 0-0 16. Bf3 Rfe8 17. Qb3 Rab8 18. Bd2 Bf6 19. Nh3 Be4 20. Bxe4 Rxe4 21. Rf4 Qe7 22. Raf1 Rxf4 23. Nxf4 Bg5 24. Nd5 Qd7 25. Qd3 Ne7 26. Nc3 f5 27. e4 fxe4 28. Nxe4 1/2-1/2

[Event "IECC O-3996"]
[Site "IECC email"]
[Date "2015.03.27"]
[Round "?"]
[White "Hill, Phill"]
[Black "Scholz, Michael"]
[Result "0-1"]
[WhiteElo "1464"]
[BlackElo "1423"]
[PlyCount "70"]
[EventDate "2015.??.??"]
[EventType "swiss (corr)"]
[EventRounds "2"]
[SourceTitle "Corr 2020"]
[Source "ChessBase"]
[SourceDate "2019.09.30"]
[SourceVersion "1"]
[SourceVersionDate "2019.09.30"]
[SourceQuality "1"]
[WhiteTeam "United States"]
[BlackTeam "Germany"]
[WhiteTeamCountry "USA"]
[BlackTeamCountry "GER"]

1. e4 c6 2. d4 d5 3. Nc3 g6 4. Nf3 Bg7 5. Bd3 Bg4 6. Be3 e5 7. Be2 Bxf3 8. Bxf3 c5 9. Nxd5 cxd4 10. Bd2 Nc6 11. 0-0 Nge7 12. Re1 0-0 13. Rc1 Rc8 14. Qe2 Re8 15. Qb5 b6 16. Bg4 f5 17. Nxe7+ Nxe7 18. Bf3 Rc5 19. Qa4 Rc7 20. exf5 gxf5 21. Be2 Rf8 22. Rcd1 Ng6 23. Bb4 Rff7 24. c3 Nf4 25. cxd4 Qg5 26. g3 Nxe2+ 27. Rxe2 Rfd7 28. Rc2 Qd8 29. Rxc7 Qxc7 30. Qb3+ Kh8 31. d5 Qd8 32. d6 a5 33. Ba3 Rb7 34. f3 Qd7 35. Qd5 e4 0-1

[Event "Hessen-ch op-B"]
[Site "Frankfurt Sossenheim"]
[Date "2015.??.??"]
[Round "5"]
[White "Mueller, Nils"]
[Black "Scholz, Michael"]
[Result "0-1"]
[WhiteElo "1089"]
[BlackElo "1862"]
[PlyCount "106"]
[EventDate "2015.05.13"]
[EventType "swiss"]
[EventRounds "7"]
[EventCountry "GER"]
[SourceTitle "EXT 2016"]
[Source "ChessBase"]
[SourceDate "2015.10.08"]
[SourceVersion "1"]
[SourceVersionDate "2015.10.08"]
[SourceQuality "1"]

1. e4 d5 2. exd5 Qxd5 3. d4 Nc6 4. Nf3 Bg4 5. c3 Nf6 6. Be2 Qh5 7. h3 0-0-0 8. Bf4 Nd5 9. Qd2 f6 10. c4 Nxf4 11. Qxf4 Bxf3 12. Bxf3 Qa5+ 13. Nc3 Nxd4 14. 0-0 e5 15. Qe4 Nxf3+ 16. Qxf3 Bd6 17. Qg4+ Rd7 18. Ne4 Rhd8 19. Nxd6+ cxd6 20. Rfd1 Kb8 21. Rd5 Qc7 22. Rc1 b6 23. b4 g6 24. a4 f5 25. Qe2 Qb7 26. a5 Rc8 27. Rcd1 Qc6 28. b5 Qxc4 29. Qxc4 Rxc4 30. axb6 axb6 31. Rxd6 Rxd6 32. Rxd6 Kb7 33. Kf1 Rc5 34. Rd7+ Rc7 35. Rd5 Re7 36. Ke2 Kc7 37. Kd3 Re6 38. g3 e4+ 39. Kd4 Re8 40. Ke3 Ra8 41. Kf4 Ra3 42. h4 Rf3+ 43. Kg5 Rxf2 44. Kh6 Rg2 45. Kxh7 Rxg3 46. Kg7 e3 47. Kf6 Rg4 48. h5 e2 49. Re5 Re4 50. hxg6 e1Q 51. Rxe4 Qxe4 52. g7 Qd5 53. Kg6 f4 0-1

[Event "Hessen-ch op-B"]
[Site "Frankfurt Sossenheim"]
[Date "2015.??.??"]
[Round "1"]
[White "Sciurti, Domenico"]
[Black "Scholz, Michael"]
[Result "1/2-1/2"]
[WhiteElo "1583"]
[BlackElo "1862"]
[PlyCount "48"]
[EventDate "2015.05.13"]
[EventType "swiss"]
[EventRounds "7"]
[EventCountry "GER"]
[SourceTitle "EXT 2016"]
[Source "ChessBase"]
[SourceDate "2015.10.08"]
[SourceVersion "1"]
[SourceVersionDate "2015.10.08"]
[SourceQuality "1"]

1. d4 Nf6 2. Bf4 Nh5 3. Bg3 Nxg3 4. hxg3 g6 5. e3 Bg7 6. Nf3 c5 7. Nbd2 cxd4 8. exd4 d6 9. c3 Nd7 10. Qb3 h6 11. 0-0-0 Nb6 12. Bb5+ Bd7 13. Rde1 Bxb5 14. Qxb5+ Qd7 15. Qb3 e6 16. Nh4 0-0-0 17. Nc4 Nxc4 18. Qxc4+ Kb8 19. f4 Rc8 20. Qd3 Qa4 21. Kb1 d5 22. Nf3 Rhd8 23. Ne5 Qe8 24. g4 f5 1/2-1/2